00608cam a22002297c 4500001000700000003000900007005001700016007000700033008004100040020001500081035000600096040002500102080000600127100004000133245007400173250000600247260004500253300003000298490000600328650003200334700001200366 5075 DO-SdBNP20180206155154.0 5075 110627s1993 sp a |||| 000 1 eng  a0486275590 a  aBPMSUbspacBPMSUe  a 1 aStevenson, Robert Louis d1850-189410aTreasure island /h cRobert Louis Stevenson ; edición Dover Thtift a  aEstados Unidos : b Dover Thtift, c1993 a151 p.: bil. ;c21 cme 0 a  7aLengua inglesavLecturas2 1 a d t